00580cam a22001817a 450000100060000000300080000600500170001400800410003103500190007204000230009104100080011408200280012210000450015024501140019526000380030930000210034765000300036882484BD-RjUL20231218102355.0231218s1938 pk 000 0 per  a(BD-RjUL)82484 aDLCcDLCdDLCbeng aurd 223a891.55109bIQA 19381 aاقبال, محمد ;; Iqbal, Muhammad10aاسرارِ خودی / Asrār-i khūdī /cمحمد اقبال لاهورى ;; Muhammad Iqbal /,  aLāhaur :bIqbal Akademi,c1938. a158 p. ;c19 cm. aIslamic poetry, vPersian